[Event "Politiken Cup 2011"]
[Site "Helsingor"]
[Date "2011.07.31"]
[Round "2.78"]
[White "Jorgensen, Michael"]
[Black "Rasmussen, Henning"]
[Result "1/2-1/2"]
[WhiteElo "2271"]
[BlackElo "1829"]
[PlyCount "65"]
[EventDate "2011.??.??"]
[WhiteTeam "Helsingør"]
[BlackTeam "Nykøbing Sjælland"]

1. d4 Nf6 2. c4 c5 3. d5 b5 4. cxb5 a6 5. bxa6 g6 6. Nc3 Bxa6 7. g3 d6 8. Bg2
Bg7 9. Nf3 O-O 10. O-O Nbd7 11. Rb1 Ng4 12. h3 Nge5 13. Ne1 Qa5 14. Qc2 Rfb8
15. b3 Nc4 16. Na4 Bb5 17. a3 Bxa4 18. Qxc4 Bb5 19. Qc2 Qc3 20. Qa2 Qa5 21. Nd3
Bxd3 22. exd3 Bd4 23. Rd1 Nb6 24. h4 h5 25. Qe2 Bf6 26. g4 hxg4 27. Qxg4 Qa7
28. h5 Qd7 29. Qxd7 Nxd7 30. hxg6 fxg6 31. Bh3 Nf8 32. a4 Rxa4 33. Bd2 1/2-1/2

[Event "Politiken Cup 2011"]
[Site "Helsingor"]
[Date "2011.07.31"]
[Round "2.86"]
[White "Sbarra, Marco"]
[Black "Nordstrom, Håkon Namtved"]
[Result "1-0"]
[WhiteElo "2266"]
[BlackElo "1768"]
[PlyCount "33"]
[EventDate "2011.??.??"]
[BlackTeam "Fanø Sjakklubb"]

1. d4 e6 2. c4 b6 3. e4 Bb7 4. d5 Bc5 5. Nf3 Nf6 6. Bd3 exd5 7. cxd5 O-O 8. O-O
Re8 9. e5 Nxd5 10. Bxh7+ Kxh7 11. Ng5+ Kg8 12. Qh5 Rxe5 13. Qxf7+ Kh8 14. Qh5+
Kg8 15. Qh7+ Kf8 16. Qh8+ Ke7 17. Qxg7+ 1-0

[Event "Politiken Cup 2011"]
[Site "Helsingor"]
[Date "2011.07.31"]
[Round "2.52"]
[White "Radice, Luca"]
[Black "Ochsner, Bjorn Moller"]
[Result "0-1"]
[WhiteElo "2021"]
[BlackElo "2258"]
[PlyCount "92"]
[EventDate "2011.??.??"]
[WhiteTeam "Monza"]

1. d4 Nf6 2. c4 g6 3. Nc3 Bg7 4. e4 d6 5. Nf3 O-O 6. Be2 e5 7. Be3 Na6 8. d5
Ng4 9. Bg5 f6 10. Bh4 h5 11. h3 Nh6 12. Nd2 c5 13. a3 Qe8 14. Rb1 Nf7 15. f3 f5
16. b4 b6 17. Qa4 Qxa4 18. Nxa4 Bh6 19. bxc5 Nxc5 20. Nxc5 bxc5 21. Bd3 Bg5 22.
Bf2 h4 23. Nb3 Bd7 24. Ke2 Rfb8 25. Bxc5 dxc5 26. Nxc5 Bc8 27. Na4 Bd7 28. Nc5
Bc8 29. Na4 Be7 30. c5 Bd7 31. c6 Bc8 32. c7 Rxb1 33. Rxb1 Bd6 34. Rc1 Bd7 35.
Nc5 Bxc5 36. Rxc5 Nd6 37. exf5 gxf5 38. Ba6 Kf7 39. f4 e4 40. Ke3 Ke7 41. Kd4
Bc8 42. Bb5 a6 43. Ba4 Bd7 44. Bxd7 Kxd7 45. Rc6 Nb5+ 46. Kc5 Re8 0-1

[Event "Politiken Cup 2011"]
[Site "Helsingor"]
[Date "2011.07.31"]
[Round "2.79"]
[White "Clausen, Hansjorgen"]
[Black "Gagliardi, Christian"]
[Result "0-1"]
[WhiteElo "1675"]
[BlackElo "2258"]
[PlyCount "136"]
[EventDate "2011.??.??"]
[WhiteTeam "Gråsten"]
[BlackTeam "Mariano Comense"]

1. d4 g6 2. c4 Bg7 3. Nc3 c5 4. e3 Nf6 5. Nf3 O-O 6. Be2 cxd4 7. Nxd4 Nc6 8.
O-O d6 9. Nxc6 bxc6 10. Bf3 Qb6 11. Qb3 Qc7 12. Qc2 Rb8 13. Bd2 Nd7 14. b3 a5
15. Rac1 Nc5 16. h3 f5 17. Rfe1 e5 18. e4 f4 19. Nd1 Be6 20. Nb2 Bc8 21. Bc3
Ne6 22. Qd2 Ra8 23. Bg4 h5 24. Bxe6+ Bxe6 25. f3 g5 26. Nd3 Rfd8 27. Nf2 Bf6
28. Qc2 Qg7 29. Rcd1 Rd7 30. Re2 Be7 31. Red2 Rdd8 32. Bb2 c5 33. Qc3 Kh7 34.
Kh2 Kg6 35. Qc2 Qf6 36. Qc3 Ra6 37. Kg1 Rh8 38. a3 Rb8 39. Rb1 Qf7 40. Rc2 Bd8
41. Bc1 Rc6 42. a4 Ra6 43. Rcb2 Ra7 44. Nd3 Qf6 45. Nf2 Rab7 46. Qd2 Bc7 47.
Nd1 g4 48. fxg4 hxg4 49. hxg4 Rh8 50. Nf2 Qh4 51. Qe2 Bd8 52. Qf3 Rbh7 53. Qh3
Qg3 54. Qxg3 fxg3 55. Nh3 Bxg4 56. Be3 Bxh3 57. gxh3 Rxh3 58. Kg2 Bg5 59. Bxg5
Kxg5 60. Kf3 Rf8+ 61. Kg2 Kg4 62. Kg1 Rfh8 63. Kf1 Rh1+ 64. Ke2 R8h2+ 65. Ke3
Rxb2 66. Rxb2 Re1+ 67. Re2 Rxe2+ 68. Kxe2 Kh3 0-1

[Event "Politiken Cup 2011"]
[Site "Helsingor"]
[Date "2011.07.31"]
[Round "2.53"]
[White "Stojanovski, Sandi"]
[Black "Skovgaard, Tom"]
[Result "1/2-1/2"]
[WhiteElo "2254"]
[BlackElo "2013"]
[PlyCount "39"]
[EventDate "2011.??.??"]
[WhiteTeam "K41"]
[BlackTeam "BMS"]

1. d4 Nf6 2. c4 e6 3. Nc3 d5 4. Nf3 Be7 5. Bg5 O-O 6. e3 h6 7. Bh4 Ne4 8. Bxe7
Qxe7 9. Bd3 Nxc3 10. bxc3 dxc4 11. Bxc4 b6 12. e4 Bb7 13. Qe2 Nd7 14. O-O c5
15. Rfd1 cxd4 16. cxd4 Nf6 17. Bd3 Rac8 18. Qe3 Rc3 19. Qf4 Rxd3 20. Rxd3
1/2-1/2

[Event "Politiken Cup 2011"]
[Site "Helsingor"]
[Date "2011.07.31"]
[Round "2.54"]
[White "Celander, Adam"]
[Black "Matthiesen, Martin"]
[Result "0-1"]
[WhiteElo "2006"]
[BlackElo "2251"]
[PlyCount "42"]
[EventDate "2011.??.??"]
[BlackTeam "SK68"]

1. e4 d6 2. d4 Nf6 3. Nc3 g6 4. f4 Bg7 5. Nf3 c5 6. d5 O-O 7. Be2 e6 8. a4 exd5
9. exd5 Na6 10. h3 Nb4 11. g4 Re8 12. g5 Nh5 13. Kf2 Bf5 14. Bd3 Bxd3 15. cxd3
Qd7 16. Nh4 Bd4+ 17. Kg2 Bxc3 18. bxc3 Nxd5 19. Rf1 Ne3+ 20. Bxe3 Rxe3 21. Rf3
Nxf4+ 0-1

[Event "Politiken Cup 2011"]
[Site "Helsingor"]
[Date "2011.07.31"]
[Round "2.56"]
[White "Hedlerfog, Robert"]
[Black "Rosenkilde, Alexander"]
[Result "0-1"]
[WhiteElo "2006"]
[BlackElo "2235"]
[PlyCount "62"]
[EventDate "2011.??.??"]
[WhiteTeam "HG Schack"]
[BlackTeam "Taastrup"]

1. d4 Nf6 2. Nf3 e6 3. c4 b6 4. Nbd2 Bb7 5. e3 d5 6. Bd3 Be7 7. O-O O-O 8. b3
c5 9. Bb2 Nc6 10. a3 Qc7 11. Rc1 Rfd8 12. h3 dxc4 13. Bxc4 cxd4 14. Nxd4 Nxd4
15. exd4 Qf4 16. Re1 Bd6 17. g3 Qf5 18. Bf1 Qd5 19. f3 Bxg3 20. Re2 Bf4 21. Bg2
Qg5 22. Kf1 Ba6 23. Rc4 Rac8 24. Rxc8 Bxe2+ 25. Qxe2 Rxc8 26. Nc4 Nd5 27. a4 a6
28. Kg1 b5 29. axb5 axb5 30. Na3 Ne3 31. Nxb5 Rc2 0-1

[Event "Politiken Cup 2011"]
[Site "Helsingor"]
[Date "2011.07.31"]
[Round "2.57"]
[White "Johansen, Johnny Holler"]
[Black "Sturt, Raven M"]
[Result "0-1"]
[WhiteElo "1998"]
[BlackElo "2231"]
[PlyCount "60"]
[EventDate "2011.??.??"]
[WhiteTeam "Frem"]
[BlackTeam "Marshall"]

1. e4 c6 2. Nc3 d5 3. Nf3 Bg4 4. d4 e6 5. e5 c5 6. Be2 Nc6 7. O-O Bxf3 8. Bxf3
Nxd4 9. Be3 Nc6 10. Bf4 Nge7 11. Re1 Ng6 12. Bg3 Be7 13. Qd2 O-O 14. Rad1 Bh4
15. Bxh4 Qxh4 16. g3 Qh6 17. Qxh6 gxh6 18. Bg2 Ngxe5 19. f4 Nc4 20. f5 Nd4 21.
fxe6 fxe6 22. Nxd5 exd5 23. Bxd5+ Kh8 24. Bxc4 Nf3+ 25. Kg2 Nxe1+ 26. Rxe1 Rae8
27. Rd1 Rd8 28. Rxd8 Rxd8 29. Bd3 c4 30. Bxc4 Rd2+ 0-1

[Event "Politiken Cup 2011"]
[Site "Helsingor"]
[Date "2011.07.31"]
[Round "2.80"]
[White "Jorgensen, Dennis"]
[Black "Rodvik, Trym Daniel"]
[Result "1-0"]
[WhiteElo "2231"]
[BlackElo "1843"]
[PlyCount "89"]
[EventDate "2011.??.??"]
[WhiteTeam "Allerød"]
[BlackTeam "Hamar Sjakkselskap"]

1. d4 Nf6 2. Nf3 g6 3. g3 Bg7 4. Bg2 O-O 5. O-O d6 6. c4 Nc6 7. Nc3 a6 8. Qd3
b5 9. d5 Na5 10. cxb5 axb5 11. b4 Nb3 12. Rb1 Nxc1 13. Rfxc1 Bd7 14. Nd4 Qb8
15. Ncxb5 Rxa2 16. Qc4 Ra6 17. Nxc7 Rb6 18. Na6 Qb7 19. b5 Bxb5 20. Rxb5 Qxa6
21. Rxb6 Qxb6 22. Nc6 Re8 23. Bh3 Qb2 24. Rd1 h5 25. e4 Kf8 26. Re1 Ra8 27. e5
Ra2 28. Rf1 dxe5 29. Nxe5 Bh6 30. d6 Qxe5 31. dxe7+ Qxe7 32. Qxa2 Kg7 33. Qc4
Qe5 34. Rd1 Qb8 35. Qd4 Qb7 36. Bg2 Qb3 37. Ra1 Qc2 38. Ra6 Qb1+ 39. Bf1 Qf5
40. Bd3 Qf3 41. Bc4 Bg5 42. h4 Bc1 43. Ra7 Qe4 44. Rxf7+ Kh6 45. Qxf6 1-0

[Event "Politiken Cup 2011"]
[Site "Helsingor"]
[Date "2011.07.31"]
[Round "2.58"]
[White "Hansen, Mads"]
[Black "Sorensen, Dick"]
[Result "1/2-1/2"]
[WhiteElo "2224"]
[BlackElo "1993"]
[PlyCount "87"]
[EventDate "2011.??.??"]
[WhiteTeam "Frem"]
[BlackTeam "Taastrup"]

1. e4 c5 2. Nf3 e6 3. d4 cxd4 4. Nxd4 a6 5. Nc3 Qc7 6. Bd3 Nf6 7. O-O Nc6 8.
Be3 d6 9. Kh1 Be7 10. f4 O-O 11. Qf3 Nxd4 12. Bxd4 e5 13. fxe5 dxe5 14. Qg3 Nd7
15. Be3 Re8 16. Bh6 Bf8 17. Rf3 Qc6 18. Be3 b5 19. Raf1 f6 20. Nd5 Kh8 21. Qh4
Nc5 22. g4 Be6 23. Rh3 Bg8 24. g5 fxg5 25. Bxg5 Ne6 26. Be3 Rad8 27. Rg1 Nf4
28. Bxf4 Rxd5 29. Be3 Rd7 30. Rf1 Bc5 31. Bg5 Be7 32. Rhf3 Bxg5 33. Qxg5 Rd6
34. Qe3 Rg6 35. Rg3 Rxg3 36. Qxg3 Bc4 37. Rf5 Bxd3 38. Qxd3 Qe6 39. a3 h6 40.
Qd5 Qc8 41. Qd2 Rd8 42. Qf2 Rd1+ 43. Kg2 Kh7 44. h3 1/2-1/2

[Event "Politiken Cup 2011"]
[Site "Helsingor"]
[Date "2011.07.31"]
[Round "2.60"]
[White "Thingstad, Even"]
[Black "Diaz, Linda"]
[Result "1-0"]
[WhiteElo "2223"]
[BlackElo "1988"]
[PlyCount "81"]
[EventDate "2011.??.??"]
[WhiteTeam "Hønefoss"]
[BlackTeam "Marshall"]

1. d4 Nf6 2. c4 e6 3. Nc3 c5 4. d5 exd5 5. cxd5 d6 6. e4 a6 7. a4 g6 8. Nf3 Bg4
9. Be2 Bxf3 10. Bxf3 Nbd7 11. O-O Bg7 12. Re1 O-O 13. Be2 Re8 14. Bf1 Qc7 15.
Qc2 c4 16. Bd2 Rab8 17. a5 Ne5 18. Be3 Nfd7 19. h3 Nc5 20. Na4 Nb3 21. Ra3 Qxa5
22. Rd1 Qb5 23. Nc3 Qd7 24. f4 b5 25. Rxa6 Qc8 26. Rxd6 Nd7 27. Rc6 Qb7 28. e5
Bf8 29. Ne4 Na5 30. Rd6 Kg7 31. Bd4 Nb3 32. Qc3 b4 33. Qxc4 Na5 34. Qa2 Bxd6
35. Nxd6 Qc7 36. Nxe8+ Rxe8 37. d6 Qc2 38. e6+ f6 39. exd7 Rd8 40. Qe6 Rf8 41.
d8=Q 1-0

[Event "Politiken Cup 2011"]
[Site "Helsingor"]
[Date "2011.07.31"]
[Round "2.59"]
[White "Petersen, Tom"]
[Black "Hartvig, Ove Weiss"]
[Result "0-1"]
[WhiteElo "1997"]
[BlackElo "2220"]
[PlyCount "60"]
[EventDate "2011.??.??"]
[WhiteTeam "Silkeborg"]
[BlackTeam "Esbjerg"]

1. d4 Nf6 2. Nf3 c5 3. e3 e6 4. c3 b6 5. Bd3 Bb7 6. Nbd2 Nc6 7. O-O Be7 8. Re1
O-O 9. Nf1 Rc8 10. Ng3 d5 11. Nd2 Qc7 12. Nh5 g6 13. Nxf6+ Bxf6 14. Qg4 e5 15.
e4 exd4 16. cxd4 Nxd4 17. Nf3 Nxf3+ 18. gxf3 Be5 19. h4 c4 20. Bc2 d4 21. f4
Bg7 22. h5 d3 23. Bd1 c3 24. hxg6 hxg6 25. Re3 cxb2 26. Bxb2 Bxb2 27. Rb1 Bc1
28. Rxc1 Qxc1 29. f5 d2 30. fxg6 Qxd1+ 0-1

[Event "Politiken Cup 2011"]
[Site "Helsingor"]
[Date "2011.07.31"]
[Round "2.61"]
[White "Preuss, Flemming"]
[Black "Pedersen, Gunnar"]
[Result "1/2-1/2"]
[WhiteElo "1991"]
[BlackElo "2218"]
[PlyCount "85"]
[EventDate "2011.??.??"]
[WhiteTeam "Næstved"]
[BlackTeam "Esbjerg"]

1. f4 d5 2. Nf3 Bg4 3. Ne5 Bf5 4. d3 Nd7 5. Nd2 Nxe5 6. fxe5 e6 7. Nf3 Ne7 8.
c3 c5 9. Bf4 Nc6 10. Bg3 Be7 11. Qa4 O-O 12. e4 Bg6 13. exd5 Qxd5 14. Rd1 a6
15. Qc4 Rfd8 16. Be2 Rd7 17. Qxd5 Rxd5 18. Kf2 Rad8 19. Ke3 R5d7 20. Rd2 Rc8
21. Rhd1 Bd8 22. h4 Bc7 23. Bf4 Bh5 24. Ke4 Ne7 25. Ng1 Bg6+ 26. Kf3 Nd5 27. g3
Nxf4 28. gxf4 b5 29. Ke3 b4 30. Nf3 a5 31. Ng5 a4 32. h5 Bf5 33. Ne4 Bxe4 34.
Kxe4 Ba5 35. Rc2 Rdc7 36. Bf3 a3 37. c4 Rd8 38. b3 Rd4+ 39. Ke3 Rc8 40. Rg2 Bd8
41. Rdg1 g6 42. hxg6 fxg6 43. Be4 1/2-1/2

[Event "Politiken Cup 2011"]
[Site "Helsingor"]
[Date "2011.07.31"]
[Round "2.62"]
[White "Rauramaa, Kari"]
[Black "Svendsen, Peter"]
[Result "1/2-1/2"]
[WhiteElo "2217"]
[BlackElo "1987"]
[PlyCount "105"]
[EventDate "2011.??.??"]
[WhiteTeam "Matinkylan Shakkikenho"]
[BlackTeam "Hillerød"]

1. d4 g6 2. c4 Bg7 3. Nc3 d6 4. e4 Nc6 5. Nge2 e5 6. Be3 Nf6 7. f3 exd4 8. Nxd4
Bd7 9. Qd2 O-O 10. Be2 a6 11. O-O Re8 12. Rfe1 Nh5 13. Bf1 f5 14. Bf2 Be5 15.
Nd5 fxe4 16. Rxe4 Nxd4 17. Rxd4 c6 18. Nc3 Qf6 19. Ne4 Qf4 20. Qxf4 Nxf4 21.
Rxd6 Bxd6 22. Nxd6 Bf5 23. Nxe8 Rxe8 24. Rd1 Ne2+ 25. Kh1 Kf7 26. g4 Bc8 27.
Rd2 Nf4 28. h3 h5 29. Kh2 Kf6 30. Kg3 g5 31. h4 hxg4 32. fxg4 Re4 33. Kf3 Re8
34. Rd6+ Ke5 35. c5 Ne6 36. Bg3+ Kf6 37. hxg5+ Kxg5 38. Bd3 Rf8+ 39. Bf5 Kf6
40. Bh4+ Ke5 41. Ke3 Rh8 42. Bg3+ Kf6 43. Be1 Ke7 44. b4 Rh3+ 45. Ke4 Ng5+ 46.
Kf4 Ne6+ 47. Bxe6 Bxe6 48. a4 Rh1 49. Bf2 Rb1 50. Bh4+ Kf7 51. Rd4 Rg1 52. Ke5
Rxg4 53. Rxg4 1/2-1/2

[Event "Politiken Cup 2011"]
[Site "Helsingor"]
[Date "2011.07.31"]
[Round "2.63"]
[White "Jensen, Ib"]
[Black "Johansson, Thomas"]
[Result "1/2-1/2"]
[WhiteElo "1985"]
[BlackElo "2207"]
[PlyCount "177"]
[EventDate "2011.??.??"]
[WhiteTeam "Helsingør"]
[BlackTeam "Malmø AS"]

1. d4 c5 2. c3 Nf6 3. Nf3 b6 4. e3 Bb7 5. Bd3 g6 6. O-O Bg7 7. Re1 O-O 8. Nbd2
d6 9. e4 cxd4 10. cxd4 Nc6 11. Nf1 Rc8 12. Bd2 e5 13. Bc3 exd4 14. Nxd4 Ne5 15.
Ng3 a6 16. Qe2 Nxd3 17. Qxd3 Re8 18. Rad1 Qc7 19. Ndf5 gxf5 20. Nxf5 Bh8 21.
Qg3+ Kf8 22. Nxd6 Re6 23. Bb4 Qe7 24. Ba3 Rc5 25. Nf5 Qe8 26. Qc7 Qc6 27. Rd8+
Ne8 28. Qf4 Be5 29. Qh4 h6 30. f4 Bc7 31. Nd4 Bxd8 32. Qxd8 Qd6 33. Nxe6+ Qxe6
34. Qd4 Qd6 35. Bxc5 bxc5 36. Qxd6+ Nxd6 37. e5 Ne4 38. Re3 Bd5 39. Ra3 Bc4 40.
Re3 Bd5 41. Rd3 Bxa2 42. Rh3 Kg7 43. Re3 Bd5 44. Rd3 Bc6 45. Ra3 Bb5 46. Re3
Nd2 47. Rg3+ Kh7 48. f5 Nc4 49. e6 fxe6 50. fxe6 Nxb2 51. e7 Nc4 52. Rc3 Nd6
53. Rxc5 Kg7 54. Rd5 Ne8 55. Rf5 Nf6 56. g4 Bd7 57. Ra5 Bb5 58. h4 Kf7 59. g5
hxg5 60. hxg5 Ne4 61. g6+ Kxe7 62. Kg2 Kf6 63. Kf3 Nd2+ 64. Kf4 Kxg6 65. Ra2
Nb3 66. Ke5 a5 67. Kd6 a4 68. Ke6 Kg5 69. Ke5 Kg4 70. Ke4 Kg3 71. Ke3 Bd7 72.
Ra3 Bb5 73. Ra2 Kg4 74. Ke4 Bc6+ 75. Ke3 Kf5 76. Rc2 Bb5 77. Rc7 Ke5 78. Rb7
Bc6 79. Rb6 Kd5 80. Kd3 Kc5 81. Rb8 Nd4 82. Kc3 Ne2+ 83. Kb2 Kc4 84. Rc8 Nd4
85. Rd8 Nb5 86. Rb8 Nd4 87. Rd8 Bd5 88. Rxd5 Kxd5 89. Ka3 1/2-1/2

[Event "Politiken Cup 2011"]
[Site "Helsingor"]
[Date "2011.07.31"]
[Round "2.64"]
[White "Akdag, Dara"]
[Black "Rasmussen, Lars"]
[Result "1-0"]
[WhiteElo "2201"]
[BlackElo "1981"]
[PlyCount "23"]
[EventDate "2011.??.??"]
[WhiteTeam "BMS"]
[BlackTeam "Åbyhøj"]

1. Nf3 Nf6 2. d4 e6 3. c4 b6 4. g3 Ba6 5. Qc2 Bb4+ 6. Nbd2 O-O 7. Bg2 d5 8. O-O
Bb7 9. cxd5 Nxd5 10. e4 Nf6 11. e5 Nfd7 12. Ng5 1-0

[Event "Politiken Cup 2011"]
[Site "Helsingor"]
[Date "2011.07.31"]
[Round "2.66"]
[White "Willumsen, Henrik"]
[Black "Rosell, Sven"]
[Result "1-0"]
[WhiteElo "2194"]
[BlackElo "1979"]
[PlyCount "55"]
[EventDate "2011.??.??"]
[WhiteTeam "Nørresundby"]
[BlackTeam "LASK"]

1. e4 c6 2. d4 d5 3. Nd2 dxe4 4. Nxe4 Nf6 5. Nxf6+ gxf6 6. Be2 Bf5 7. Nf3 Rg8
8. Bf4 e6 9. O-O Bd6 10. Bg3 Qc7 11. c4 Bxg3 12. hxg3 Nd7 13. d5 c5 14. Qa4 Kf8
15. Rfe1 Nb6 16. Qb3 e5 17. a4 Rd8 18. Nh4 Bg6 19. Bg4 Nc8 20. Qf3 Qd6 21. Bxc8
Rxc8 22. Nf5 Bxf5 23. Qxf5 Re8 24. Qxh7 Rg6 25. Ra3 Rg7 26. Qh8+ Rg8 27. Qh6+
Rg7 28. Re4 1-0

[Event "Politiken Cup 2011"]
[Site "Helsingor"]
[Date "2011.07.31"]
[Round "2.68"]
[White "Hobber, Anders"]
[Black "Vesterli, Michael E"]
[Result "1-0"]
[WhiteElo "2179"]
[BlackElo "1969"]
[PlyCount "105"]
[EventDate "2011.??.??"]
[WhiteTeam "Porsgrunn"]
[BlackTeam "BMS"]

1. d4 Nf6 2. Nf3 e6 3. c3 c5 4. e3 b6 5. Bd3 Bb7 6. O-O Be7 7. Nbd2 O-O 8. e4
cxd4 9. cxd4 d6 10. Qe2 Nc6 11. a3 Nd7 12. b4 Bf6 13. Bb2 e5 14. d5 Ne7 15.
Rfb1 Ng6 16. g3 Bc8 17. Ba6 Bxa6 18. Qxa6 Bg5 19. Qd3 Bxd2 20. Qxd2 f5 21. Ng5
Qf6 22. exf5 Qxf5 23. Ne6 Rfe8 24. Nc7 Rec8 25. Nb5 Qg4 26. Qd1 Qxd1+ 27. Rxd1
Rc2 28. Bc1 Nf6 29. Be3 Ne7 30. Rdc1 Rxc1+ 31. Rxc1 a6 32. Nxd6 b5 33. Bg5
Nfxd5 34. Bxe7 Nxe7 35. Rc5 Rd8 36. Rxe5 Rxd6 37. Rxe7 Rd3 38. Re3 Rd1+ 39. Kg2
Ra1 40. h4 Ra2 41. g4 Ra1 42. Rf3 g6 43. g5 Kg7 44. Kg3 Rg1+ 45. Kh2 Ra1 46.
Kg2 Kg8 47. Kg3 Rg1+ 48. Kf4 Rh1 49. Ke5 Rxh4 50. Rf6 a5 51. bxa5 Ra4 52. a6
Rxa3 53. Rb6 1-0

[Event "Politiken Cup 2011"]
[Site "Helsingor"]
[Date "2011.07.31"]
[Round "2.69"]
[White "Bauder, Herbert"]
[Black "Fisher, William"]
[Result "0-1"]
[WhiteElo "1971"]
[BlackElo "2178"]
[PlyCount "52"]
[EventDate "2011.??.??"]
[WhiteTeam "SG Lasker-Stieglitz Berlin"]
[BlackTeam "Marshall"]

1. d4 d5 2. c4 c6 3. Nf3 Nf6 4. Nc3 e6 5. Bg5 dxc4 6. e4 b5 7. e5 h6 8. Bh4 g5
9. exf6 gxh4 10. Ne5 Qxf6 11. Be2 h3 12. g3 Nd7 13. Nxd7 Bxd7 14. O-O Bg7 15.
Qc2 O-O-O 16. Rfe1 e5 17. Ne4 Qg6 18. dxe5 Bxe5 19. Nd6+ Kc7 20. Qxg6 fxg6 21.
Nf7 Bxb2 22. Nxh8 Bxa1 23. Nxg6 Bb2 24. Nf4 c3 25. Nd3 Bf5 26. Kf1 Bxd3 0-1

[Event "Politiken Cup 2011"]
[Site "Helsingor"]
[Date "2011.07.31"]
[Round "2.70"]
[White "Guttulsrud, Odd Martin"]
[Black "Christensen, Benjamin"]
[Result "1-0"]
[WhiteElo "2177"]
[BlackElo "1880"]
[PlyCount "51"]
[EventDate "2011.??.??"]
[WhiteTeam "SK 1911"]
[BlackTeam "Skanderborg"]

1. e4 c5 2. Nf3 d6 3. d4 cxd4 4. Nxd4 Nf6 5. Nc3 g6 6. Be3 Bg7 7. f3 O-O 8. Qd2
Nc6 9. O-O-O Bd7 10. g4 Rc8 11. h4 Ne5 12. Kb1 b5 13. h5 Nc4 14. Bxc4 bxc4 15.
Ka1 Rb8 16. Rb1 a5 17. Bh6 e5 18. Nde2 Be6 19. hxg6 fxg6 20. Bxg7 Kxg7 21. Qh6+
Kf7 22. g5 Nh5 23. Qxh7+ Ng7 24. Rh6 Qxg5 25. Rg1 Rh8 26. Rxg5 1-0

[Event "Politiken Cup 2011"]
[Site "Helsingor"]
[Date "2011.07.31"]
[Round "2.71"]
[White "Nilsson, Patrik 1978"]
[Black "Schultz-Pedersen, Jesper"]
[Result "1/2-1/2"]
[WhiteElo "2057"]
[BlackElo "2177"]
[PlyCount "70"]
[EventDate "2011.??.??"]
[BlackTeam "Allerød"]

1. d3 Nc6 2. Nf3 e5 3. g3 f5 4. Bg2 Nf6 5. Nc3 Be7 6. d4 e4 7. Ne5 O-O 8. f3
Bb4 9. O-O Qe7 10. Nxc6 dxc6 11. Bg5 exf3 12. exf3 Bxc3 13. bxc3 Be6 14. Re1
Qf7 15. a4 Bc4 16. Re5 Nd5 17. Qd2 Rae8 18. Rae1 Rxe5 19. dxe5 Qe6 20. Qd4 Ba6
21. Bc1 b6 22. Rd1 Ne7 23. f4 Bc8 24. Bf1 c5 25. Qd3 Qc6 26. Bg2 Qxa4 27. c4
Be6 28. Bd5 Kf7 29. Bb2 Qd7 30. g4 g6 31. g5 c6 32. Bxe6+ Qxe6 33. Qc3 Nc8 34.
Rd3 Ke7 35. Qd2 Re8 1/2-1/2

[Event "Politiken Cup 2011"]
[Site "Helsingor"]
[Date "2011.07.31"]
[Round "2.72"]
[White "Pavlovskaia, Evgenia"]
[Black "Percivaldi, Martin"]
[Result "1/2-1/2"]
[WhiteElo "2175"]
[BlackElo "1838"]
[PlyCount "128"]
[EventDate "2011.??.??"]
[WhiteTeam "Esløv SK"]
[BlackTeam "Hillerød"]

1. e4 c5 2. Nf3 d6 3. d4 cxd4 4. Qxd4 a6 5. c4 Nc6 6. Qd2 g6 7. b3 Nf6 8. Nc3
Bg7 9. Bb2 O-O 10. Be2 Bg4 11. O-O Qa5 12. Rad1 Nd7 13. a3 Bxf3 14. Bxf3 Nd4
15. Nd5 Nxf3+ 16. gxf3 Qd8 17. Bxg7 Kxg7 18. Qg5 Re8 19. f4 Nc5 20. e5 Nxb3 21.
Rd3 h6 22. Qh4 Nc5 23. Rh3 h5 24. Re1 b5 25. f5 dxe5 26. Rxe5 Qd6 27. Rxe7 Rxe7
28. f6+ Kg8 29. fxe7 Nd7 30. Qe4 Re8 31. cxb5 axb5 32. Rc3 Nf6 33. Nxf6+ Qxf6
34. Re3 Qg5+ 35. Kf1 Qc5 36. Ke2 Qc7 37. f4 Qc5 38. Kf2 Qd6 39. Kg2 Qd2+ 40.
Re2 Qd7 41. h3 Qe6 42. Qd3 Qc6+ 43. Kg3 Qc7 44. Qe4 Qd6 45. Re3 Qc7 46. Kh4 Qd6
47. Kg5 Kg7 48. Kh4 Qc7 49. Qd4+ Kg8 50. Kg5 Rxe7 51. Kh6 f6 52. Rxe7 Qxe7 53.
Qd5+ Kf8 54. Kxg6 Qg7+ 55. Kxh5 Qg3 56. Qd6+ Kf7 57. Qd7+ Kf8 58. Qf5 Kf7 59.
Qg4 Qxa3 60. f5 Qc3 61. Qg6+ Ke7 62. Qg7+ Kd6 63. Qf8+ Kd5 64. Qf7+ Kc5 1/2-1/2

[Event "Politiken Cup 2011"]
[Site "Helsingor"]
[Date "2011.07.31"]
[Round "2.87"]
[White "Maechel, Michael"]
[Black "Haubro, Sigfred"]
[Result "0-1"]
[WhiteElo "1756"]
[BlackElo "2164"]
[PlyCount "148"]
[EventDate "2011.??.??"]
[WhiteTeam "Helsingør"]
[BlackTeam "BMS"]

1. e4 d5 2. exd5 Qxd5 3. Nc3 Qa5 4. d4 c6 5. Bd2 Nf6 6. Ne4 Qc7 7. Nxf6+ exf6
8. Bc4 Be7 9. Ne2 O-O 10. O-O Bd6 11. h3 Bf5 12. Be3 Nd7 13. Bd3 Bxd3 14. Qxd3
Rad8 15. Kh1 c5 16. Qc3 c4 17. Qd2 Nb6 18. Qa5 Rfe8 19. Nc3 a6 20. d5 Nd7 21.
Qxc7 Bxc7 22. Rad1 Bd6 23. a3 Rb8 24. Ba7 Rbc8 25. Bd4 b5 26. Rfe1 f5 27. Ne2
g6 28. Bc3 Nc5 29. f3 Rc7 30. Bb4 Rce7 31. Nd4 Rxe1+ 32. Rxe1 Rxe1+ 33. Bxe1
Nd7 34. Nc6 Kf8 35. Bb4 Bxb4 36. Nxb4 Nc5 37. Kg1 Ke7 38. Kf1 Kd6 39. Ke2 f4
40. Kd2 a5 41. Nc6 Nb7 42. Nd4 b4 43. axb4 axb4 44. Nc6 Kc5 45. b3 Nd6 46. c3
bxc3+ 47. Kxc3 cxb3 48. Ne7 Nc4 49. Kxb3 Ne3 50. Kc3 Kd6 51. Ng8 Nxd5+ 52. Kd4
Ke6 53. Nh6 Ne3 54. g4 g5 55. Ke4 Nd1 56. Kd3 Ne3 57. Ke4 Nc4 58. Kd3 Nd6 59.
Kd4 f5 60. Kc5 fxg4 61. hxg4 Nf7 62. Nf5 Kf6 63. Kd5 h5 64. Nd4 hxg4 65. fxg4
Ne5 66. Ke4 Nxg4 67. Ne2 Nf2+ 68. Kf3 Nd3 69. Ke4 Nc5+ 70. Kd4 Ne6+ 71. Ke4 Kg6
72. Ng1 Kh5 73. Ke5 Kg4 74. Kxe6 f3 0-1

[Event "Politiken Cup 2011"]
[Site "Helsingor"]
[Date "2011.07.31"]
[Round "2.81"]
[White "Berni, Fabrizio"]
[Black "Svane, Frederik"]
[Result "1-0"]
[WhiteElo "2147"]
[BlackElo "1699"]
[PlyCount "33"]
[EventDate "2011.??.??"]
[WhiteTeam "Mariano Comense"]
[BlackTeam "Lübecker Schackverein"]

1. e4 c5 2. Nf3 Nc6 3. Bb5 g6 4. Bxc6 bxc6 5. O-O d5 6. d3 Bg7 7. Qe2 e6 8. c4
Ba6 9. Nc3 Ne7 10. Bd2 Rb8 11. Rab1 Rb4 12. b3 Bd4 13. Nxd4 cxd4 14. Nxd5 Nxd5
15. exd5 Rb7 16. dxc6 Rb8 17. Qe5 1-0

[Event "Politiken Cup 2011"]
[Site "Helsingor"]
[Date "2011.07.31"]
[Round "2.82"]
[White "Pedersen, Nicolai Kvist Brond"]
[Black "Jorgensen, Orla Eilegaard"]
[Result "1-0"]
[WhiteElo "2130"]
[BlackElo "1673"]
[PlyCount "105"]
[EventDate "2011.??.??"]
[WhiteTeam "BMS"]
[BlackTeam "Allerød"]

1. d4 d5 2. Nf3 e6 3. c4 Nf6 4. g3 Bb4+ 5. Bd2 Bxd2+ 6. Nbxd2 O-O 7. Bg2 Nbd7
8. O-O b6 9. Qc2 c5 10. e4 dxe4 11. Nxe4 Qc7 12. dxc5 Nxe4 13. Qxe4 Bb7 14.
cxb6 Nxb6 15. Qb1 Rac8 16. b3 Nd7 17. Rd1 Nf6 18. Qb2 Qc6 19. Ne1 Ne4 20. Rd4
f5 21. Rad1 Qb6 22. Rd7 e5 23. Bxe4 fxe4 24. Ng2 Rf6 25. Ne3 Rcf8 26. Qxe5 Bc8
27. R7d6 Qc7 28. Qd5+ Kh8 29. Rxf6 gxf6 30. Qd6 Qf7 31. Qf4 Qh5 32. Rd8 Qf7 33.
Rxf8+ Qxf8 34. Nd5 f5 35. Qe5+ Kg8 36. Qf6 Qxf6 37. Nxf6+ Kg7 38. Nd5 Bb7 39.
Kf1 Kf7 40. Ke2 Ke6 41. Ke3 Ke5 42. Nc3 a6 43. Na4 h6 44. Nc5 Bc8 45. b4 Be6
46. Nxe6 Kxe6 47. Kd4 Kd6 48. c5+ Kc6 49. Kc4 h5 50. h4 Kd7 51. Kd5 Ke7 52. Ke5
e3 53. fxe3 1-0

[Event "Politiken Cup 2011"]
[Site "Helsingor"]
[Date "2011.07.31"]
[Round "2.83"]
[White "Svanholm, Borge Waaktaar"]
[Black "Skjoldager, Per"]
[Result "1/2-1/2"]
[WhiteElo "1926"]
[BlackElo "2126"]
[PlyCount "39"]
[EventDate "2011.??.??"]
[WhiteTeam "SK Stjernen"]
[BlackTeam "Evans"]

1. c4 Nf6 2. Nc3 e6 3. e4 d5 4. e5 Ng8 5. d4 dxc4 6. Bxc4 Nd7 7. Nf3 Nb6 8. Bb3
Ne7 9. O-O Bd7 10. a4 a5 11. Ne4 Ned5 12. Bd2 Bb4 13. Bxb4 Nxb4 14. Nc5 Bc6 15.
Bxe6 fxe6 16. Nxe6 Bxf3 17. Nxg7+ Kf7 18. Qxf3+ Kxg7 19. Qg4+ Kf7 20. Ra3
1/2-1/2